000 00826nam a2200277Ia 4500
003 OSt
005 20221006153439.0
006 a|||||r|||| 00| 0
007 ta
008 221006b |||||||| |||| 00| 0 kor d
020 _a8973005383
_cW 10,000
024 _a32,349
037 _bGift, Korean Embassy
_cTextual
040 _aEASL
_cEASL
_bkor
041 _2kor
_akor
082 _aW0aD65, P4
100 _aHEE Joon Song Au.
_9663994
245 0 _aBuilding e-government through reform
260 _aSeoul
_bEwha Womans University Press Korea
_c2004
300 _a146p.
_ccm.
490 _v Oth
_aGovernance research series no.2
650 _a KEL
650 _aElectronic government
_9663995
942 _hW0aD65, P4
_cTEXL
_2CC
999 _c1100435
_d1100435